[Event "Stuttgart-chA int"]
[Site "Ditzingen"]
[Date "2005.05.07"]
[Round "6"]
[White "Krier, Oliver"]
[Black "Heeke, Guido"]
[Result "0-1"]
[WhiteElo "1698"]
[BlackElo "1941"]
[PlyCount "74"]
[EventDate "2005.05.05"]
[EventType "swiss"]
[EventRounds "7"]
[EventCountry "GER"]
[SourceTitle "EXT 2018"]
[Source "ChessBase"]
[SourceDate "2017.10.13"]
[SourceVersion "1"]
[SourceVersionDate "2017.10.13"]
[SourceQuality "1"]

1. e4 e6 2. d4 d5 3. Nc3 Nf6 4. e5 Nfd7 5. Nce2 c5 6. c3 Nc6 7. f4 b6 8. Nf3 Ba6 9. h4 Rc8 10. h5 Be7 11. Ng3 Bxf1 12. Kxf1 cxd4 13. Nxd4 Nxd4 14. Qxd4 Qc7 15. Be3 Qc4+ 16. Ke1 Qxd4 17. Bxd4 Bc5 18. Kd2 0-0 19. Rac1 b5 20. Kd3 Nb6 21. b3 a5 22. Ne2 Rc6 23. Rc2 Rfc8 24. Rhc1 Ba3 25. Rd1 Nd7 26. Rdd2 Bc5 27. Ng3 Kf8 28. Re2 Ke7 29. Nf1 Nb8 30. Ne3 Na6 31. Nd1 Kd7 32. g3 R6c7 33. g4 a4 34. Rb2 a3 35. Rbd2 Ke7 36. Rf2 b4 37. Bxc5+ Nxc5+ 0-1

[Event "Stuttgart-chA int"]
[Site "Ditzingen"]
[Date "2005.05.06"]
[Round "4"]
[White "Krier, Oliver"]
[Black "Tebelmann, Lars"]
[Result "1/2-1/2"]
[WhiteElo "1698"]
[BlackElo "2013"]
[PlyCount "55"]
[EventDate "2005.05.05"]
[EventType "swiss"]
[EventRounds "7"]
[EventCountry "GER"]
[SourceTitle "EXT 2018"]
[Source "ChessBase"]
[SourceDate "2017.10.13"]
[SourceVersion "1"]
[SourceVersionDate "2017.10.13"]
[SourceQuality "1"]

1. e4 c5 2. Nf3 e6 3. b3 d6 4. Bb2 Nf6 5. Nc3 Be7 6. d4 cxd4 7. Nxd4 0-0 8. Bd3 Nc6 9. Nxc6 bxc6 10. 0-0 e5 11. Qe1 Nh5 12. Ne2 f5 13. exf5 Bxf5 14. Bxf5 Rxf5 15. Bc1 Rf7 16. f4 Qb6+ 17. Kh1 Raf8 18. g3 e4 19. c4 d5 20. cxd5 cxd5 21. Bb2 Bf6 22. Bxf6 Nxf6 23. Qd2 Rc7 24. Rac1 Rfc8 25. Rxc7 Rxc7 26. Nd4 Qc5 27. Rd1 Qb6 28. Kg2 1/2-1/2